| 000 -LEADER |
| fixed length control field |
01740nam a22001577a 4500 |
| 008 - FIXED-LENGTH DATA ELEMENTS--GENERAL INFORMATION |
| fixed length control field |
220215b ||||| |||| 00| 0 eng d |
| 100 ## - MAIN ENTRY--PERSONAL NAME |
| Personal name |
Laishram, Chinglen and Kumar, Pawan |
| 245 ## - TITLE STATEMENT |
| Title |
Democracies or authoritarians? Regime differences in the efficacy of handling Covid-19 in 158 countries |
| 260 ## - PUBLICATION, DISTRIBUTION, ETC. (IMPRINT) |
| Place of publication, distribution, etc |
Indian Journal of Public Administration |
| 300 ## - PHYSICAL DESCRIPTION |
| Extent |
67(3), Sep, 2021: p.470-483 |
| 520 ## - SUMMARY, ETC. |
| Summary, etc |
A new genre of contestation is seen in the discourse of democracy and governance worldwide concerning efficacy in combating the Covid-19 pandemic, that is, which regime is handling the pandemic better—authoritarian or democratic? As a response to this debate, premised on the practicality that differences in total confirmed cases and deaths reflect the raw quantity of government’s ability to control and handle an infectious disease, we examined differences in the reported number of total confirmed cases and deaths across the categories of political regimes. We used regime classification from the Economist Intelligence Unit’s (EIU) Democratic Index—full democracy, flawed democracy, hybrid and authoritarian regime. The country-wise reported number of Covid-19 confirmed cases and deaths were extracted from World Health Organization’s 6th Weekly Epidemiological Report. The results spotlight that if the democratic countries are inevitably more susceptible to pandemics, then we need to cautiously reassess the notion of public health and pandemics in the context of political regimes. – Reproduced |
| 650 ## - SUBJECT ADDED ENTRY--TOPICAL TERM |
| Topical term or geographic name as entry element |
Covid-19, Pandemic, Public health, Political regime, Democracy, Authoritarian |
| 9 (RLIN) |
29912 |
| 773 ## - HOST ITEM ENTRY |
| Main entry heading |
Indian Journal of Public Administration |
| 906 ## - LOCAL DATA ELEMENT F, LDF (RLIN) |
| Subject DIP |
COVID-19 (DISEASE) |
| 942 ## - ADDED ENTRY ELEMENTS (KOHA) |
| Item type |
Articles |